00389nam a2200157Ia 4500003000400000005001700004008004100021040000700062041000800069082002100077100001900098245003200117260004800149365001300197650002100210OSt20230508060838.0210423s2000 xx 000 0 und d cAL aeng a304.6 223bBOSI aBOSE (Ashish). aIndias billion plus people. aNew DelhibB R Publishing Corporationc2000 b400cINR aSocial Behaviour